<?xml version="1.0" encoding="UTF-8"?>
<record
    xmlns:xsi="http://www.w3.org/2001/XMLSchema-instance"
    xsi:schemaLocation="http://www.loc.gov/MARC21/slim http://www.loc.gov/standards/marcxml/schema/MARC21slim.xsd"
    xmlns="http://www.loc.gov/MARC21/slim">

  <leader>00864    a2200265   4500</leader>
  <controlfield tag="003">CBULib</controlfield>
  <controlfield tag="005">20240126091323.0</controlfield>
  <controlfield tag="008">240122b        |||||||| |||| 00| 0 eng d</controlfield>
  <datafield tag="040" ind1=" " ind2=" ">
    <subfield code="a">CBULib</subfield>
    <subfield code="b">Eng</subfield>
    <subfield code="c">CBULib</subfield>
    <subfield code="d">CBULib</subfield>
    <subfield code="e">rda</subfield>
  </datafield>
  <datafield tag="041" ind1=" " ind2=" ">
    <subfield code="a">eng</subfield>
  </datafield>
  <datafield tag="050" ind1=" " ind2=" ">
    <subfield code="a">CBU-PGTHESIS/BAN</subfield>
  </datafield>
  <datafield tag="100" ind1=" " ind2=" ">
    <subfield code="a">Banda, Japhet</subfield>
    <subfield code="9">2136</subfield>
  </datafield>
  <datafield tag="245" ind1=" " ind2=" ">
    <subfield code="a">An assessment of the relationship between financial incentives and workers morale in Kabwe</subfield>
    <subfield code="c">/ by Japhet Banda</subfield>
  </datafield>
  <datafield tag="260" ind1=" " ind2=" ">
    <subfield code="b">Copperbelt University,</subfield>
    <subfield code="c">2023</subfield>
    <subfield code="a">Kitwe :</subfield>
  </datafield>
  <datafield tag="300" ind1=" " ind2=" ">
    <subfield code="a">46pages : illustrations</subfield>
  </datafield>
  <datafield tag="336" ind1=" " ind2=" ">
    <subfield code="2">rdacontent</subfield>
    <subfield code="a">Text |</subfield>
    <subfield code="b">txt</subfield>
  </datafield>
  <datafield tag="337" ind1=" " ind2=" ">
    <subfield code="2">rdamedia</subfield>
    <subfield code="a">Unmediated |</subfield>
    <subfield code="b">n</subfield>
  </datafield>
  <datafield tag="338" ind1=" " ind2=" ">
    <subfield code="2">rdacarrier</subfield>
    <subfield code="a">Volume</subfield>
    <subfield code="b">nc</subfield>
  </datafield>
  <datafield tag="500" ind1=" " ind2=" ">
    <subfield code="a">includes bibliographical references</subfield>
  </datafield>
  <datafield tag="650" ind1=" " ind2="0">
    <subfield code="9">2137</subfield>
    <subfield code="a">FINANCIAL INCENTIVES</subfield>
  </datafield>
  <datafield tag="650" ind1=" " ind2="0">
    <subfield code="9">2138</subfield>
    <subfield code="a">WORKERS' MORALE</subfield>
  </datafield>
  <datafield tag="650" ind1=" " ind2="0">
    <subfield code="9">2139</subfield>
    <subfield code="a">BANK WORKERS</subfield>
  </datafield>
  <datafield tag="650" ind1=" " ind2="0">
    <subfield code="9">2140</subfield>
    <subfield code="a">KABWE DISTRICT</subfield>
  </datafield>
  <datafield tag="942" ind1=" " ind2=" ">
    <subfield code="2">mc</subfield>
    <subfield code="c">030</subfield>
  </datafield>
  <datafield tag="999" ind1=" " ind2=" ">
    <subfield code="c">84204</subfield>
    <subfield code="d">84204</subfield>
  </datafield>
  <datafield tag="952" ind1=" " ind2=" ">
    <subfield code="0">0</subfield>
    <subfield code="1">0</subfield>
    <subfield code="2">mc</subfield>
    <subfield code="4">0</subfield>
    <subfield code="7">0</subfield>
    <subfield code="8">SC</subfield>
    <subfield code="a">001</subfield>
    <subfield code="b">001</subfield>
    <subfield code="c">SC</subfield>
    <subfield code="d">2024-01-22</subfield>
    <subfield code="e">DEP-CBU/01/2024</subfield>
    <subfield code="o">CBU-PG THESIS/BAN</subfield>
    <subfield code="p">B92500</subfield>
    <subfield code="r">2024-01-22</subfield>
    <subfield code="w">2024-01-22</subfield>
    <subfield code="y">030</subfield>
  </datafield>
</record>
